Normal view
MARC view
Entry Topical Term
001 - CONTROL NUMBER
- control field: 13444
003 - CONTROL NUMBER IDENTIFIER
- control field: HDC
005 - DATE AND TIME OF LATEST TRANSACTION
- control field: 20230624073416.0
008 - FIXED-LENGTH DATA ELEMENTS
- fixed length control field: 210210|| aca||aabn | a|a d
040 ## - CATALOGING SOURCE
- Original cataloging agency: HDC
- Transcribing agency: HDC
150 ## - HEADING--TOPICAL TERM
- Topical term or geographic name entry element: Hemicellulase
670 ## - SOURCE DATA FOUND
- Source citation: Work cat.: (HDC): Umi Kalsom Mohd. Shah, author 13441, RT-PCR analysis of in vivo expression of α-galactosidase gene in Phanerochaete chrysosporium ME446 grown on solid lignocellulosic substrate /, 2002
